Corba design patterns

Αποθηκεύτηκε σε:
Λεπτομέρειες βιβλιογραφικής εγγραφής
Κύριος συγγραφέας: Mowbray, Thomas J.
Άλλοι συγγραφείς: Malveau, Raphael C.
Μορφή: Βιβλίο
Γλώσσα:English
Δημοσίευση: New York : John Wiley, c1997
Θέματα:
Ετικέτες: Προσθήκη ετικέτας
Δεν υπάρχουν, Καταχωρήστε ετικέτα πρώτοι!

MARC

LEADER 00000nam a2200000 i 4500
001 1/68322
008 990129s1997 eng d
020 |a 0-471-15882-8 
035 |l 10047630 
040 |a GR-MY-UA  |b gre  |e aacr 
041 0 |a eng 
082 0 |a 005.1 
100 1 |a Mowbray, Thomas J. 
245 1 0 |a Corba design patterns /  |c Thomas J. Mowbray, Raphael C. Malveau 
260 |a New York :   |b John Wiley,   |c c1997 
300 |a xviii, 333 p.;  |b ill.;  |c 23 cm.+  |e 1 computer laser optical disc (4 3/4 in.) 
500 |a Includes bibliography and index 
500 |a Includes a catalog of design pattern templates for: Building enterprise-wide applications and systems, creating internet applications, integrating legacy applications 
650 0 0 |a Object-oriented programming (Computer science) 
650 0 0 |a CORBA (Computer architecture) 
700 1 |a Malveau, Raphael C. 
852 |a INST  |b SAMOS  |e 19990204  |h 005.1 MOW  |p 005300013416  |q 005300013416  |t BK  |y 0 
852 |a INST  |b SAMOS  |e 19990129  |h 005.1 MOW  |p 005300013449  |q 005300013449  |t BK  |y 0 
852 |a INST  |b SAMOS  |e 19990204  |h 005.1 MOW   |p 005300013415  |q 005300013415  |t BK  |y 0 
852 |a INST  |b SAMOS  |e 19990129  |h 005.1 MOW   |p 005300013432  |q 005300013432  |t BK  |y 0 
901 |a BIBL-1999-1 
909 |a Σ  |b 060679 
909 |a Σ  |b 060680 
909 |a Σ  |b 062882 
909 |a Σ  |b 026883 
922 |a 3ΕΛΗ  |b 199901  |c ΕΠΕΑΕΚ/ΜΑΘ  |d LEADER 
922 |a 3ΕΛΗ  |b 199812  |c ΤΠΕΣ  |d ΠΑΠΑΣΩΤΗΡΙΟΥ